00310nam a2200121Ia 4500008004100000082001600041100001900057245004700076250001200123260003700135300000800172650000800180191201s2009 xx 000 0 und d a658.84bBAB aBALLOU, Ronald 0aBusiness Logistics Supply Chain Management aIMP 3rd aN.DelhibPearson Educationc2009 a800 aMBA